000 00453cam a22001934a 4500
005 20250605164247.0
008 250528s ||||||||||||||||||||||||d
035 _a21550
020 _a9780140091120
040 _aGR-AtMCL
_bgre
_dGR-AtMCL
_eAACR2
245 1 _aCORPORATE STRATEGY
250 _aRevised
260 _bPenguin Books,
_c1988
300 _a284
700 1 _aAnsoff Igor H.
_92764
942 _cBK
999 _c6612
_d6612